| 000 | 00707cam a2200241 4500 | ||
|---|---|---|---|
| 001 | ABS61925 | ||
| 008 | 000000n2000 000 0 eng u | ||
| 035 | _a(Sirsi) u104459 | ||
| 100 | _aCheffings, N. | ||
| 245 | _aHow to avoid litigation | ||
| 260 | _c2000 | ||
| 490 |
_aEstates Gazette _v0006 12 February 2000 160-161(2) |
||
| 520 | _aOutlines ways of avoiding litigation. | ||
| 590 | _aABS | ||
| 650 | _aBREAK CLAUSES | ||
| 650 | _aNOTICES | ||
| 650 | _aLEASE RENEWAL | ||
| 650 | _aRENT REVIEW | ||
| 650 | _aMEDIATION | ||
| 650 | _aMANAGEMENT-DISPUTE AVOIDANCE, MANAGEMENT AND RESOLUTION-DISPUTE MANAGEMENT AND RESOLUTION-ARBITRATION | ||
| 690 |
_aDispute resolution _96236 |
||
| 942 | _n0 | ||
| 999 |
_c62666 _d62666 |
||